Lebanese Civil War Factions - Statistics

General Stats
  • This quiz has been taken 190 times
  • The average score is 5 of 15
Answer Stats
Hint Answer % Correct
Khomeinist Party backed by Iran Hezbollah
87%
Main palestinian faction PLO
84%
Shi’a secular movement Amal
66%
Reaponsible for the bus massacre Kataeb
65%
Israeli Proxy South Lebanese Army
33%
A druze party PSP
31%
Greater Syria SSNP
31%
To the south of Lebanon IDF
30%
To the east of Lebanon SAA
22%
A faction that split from the Lebanese Army Lebanese Arab Army
11%
An alliance of many leftist factions LNRF
11%
An alliance of many arab countries ADF
10%
Nasserist Party Murabitun
9%
Sunni Islamist Tawheed
6%
Alawite Movement Arab Red Knights
4%
No matching quizzes found
Score Distribution
Percent of People with Each Score
Percentile by Number Answered
Your Score History
You have not taken this quiz